000 01130nam a22003017a 4500
001 BR9102492
003 BR-BrBNA
005 20230928093616.0
007 ta
008 230509b bl.||||| |||| 00| 0 por d
040 _aBR-BrBNA
_bpor
_cBiblioteca Nacional de Agricultura
041 _a(Por)
072 _aF50; F30
_b0230
090 _ 0230 BR9102492
100 1 _aFigueiredo Junior, O.
110 1 _aEscola Superior de Agricultura Luiz de Queiroz, Piracicaba, SP (Brasil)
_0Tese (Mestre em Agronomia)
245 1 _aEstudo de possiveis alteracoes agroindustriais induzidas pelo metodo de cultura de tecido irradiado em cana-de-acucar variedade NA 56-79
246 1 _aStudy of the agroindustrial alterations induced by the irradiated tissue culture in sugar cane, variety NA 56-79
260 3 _aPiracicaba, SP (Brasil):
_c1991.
300 _a120 p.
500 _a10 illus.; 40 tables; Bibliography p. 78-88 (64 ref.); Summaries (Eng, Por)
650 _aCANA DE ACUCAR
650 _aCULTURA DE TECIDO
650 _aMUTACAO INDUZIDA
650 _aRAIO GAMA
909 _a202309
_bLucia
_c55
_dLucia Elande
942 _cBK
999 _c45990
_d45990